00408pab a2200145 454500008004000000100002200040245008600062260000900148300001400157362000800171650001400179650002000193700002300213773002600236180718b2006 xxu||||| |||| 00| 0 eng d aRout, Sarit Kumar aSub-national financing of health and education: an analysis of budget allocations c2006 ap.275-94. aAug aEducation aHealth services aVidyasagar, P.S.S. aAsian Economic Review